Rosa Luxemburgo y Leo Jogiches / (Record no. 19385)

MARC details
000 -LEADER
campo de control de longitud fija 00911nam a2200301 i 4500
001 - NÚMERO DE CONTROL
campo de control 19385
003 - IDENTIFICADOR DE NÚMERO DE CONTROL
campo de control ES-MaACL
005 - FECHA Y HORA DE LA ÚLTIMA TRANSACCIÓN
campo de control 20251111131007.0
007 - CAMPO FIJO DE DESCRIPCIÓN FÍSICA--INFORMACIÓN GENERAL
campo de control de longitud fija t|
008 - DATOS DE LONGITUD FIJA--INFORMACIÓN GENERAL
campo de control de longitud fija 020805s2002 sp ||||0| spa j
020 ## - NÚMERO INTERNACIONAL ESTÁNDAR DEL LIBRO
Número Internacional Estándar del Libro 84-7669-521-7
040 ## - FUENTE DE CATALOGACIÓN
Centro catalogador/agencia de origen M-BN
Lengua de catalogación spa
Centro/agencia transcriptor M-BN
080 ## - NÚMERO DE LA CLASIFICACIÓN DECIMAL UNIVERSAL
Número de la Clasificación Decimal Universal 929 Luxemburg, Rosa
080 ## - NÚMERO DE LA CLASIFICACIÓN DECIMAL UNIVERSAL
Número de la Clasificación Decimal Universal 929 Jogiches, Leo
100 1# - ENTRADA PRINCIPAL--NOMBRE DE PERSONA
Nombre de persona Seidemann, Maria.
9 (RLIN) 105245
245 10 - MENCIÓN DEL TÍTULO
Título Rosa Luxemburgo y Leo Jogiches /
Mención de responsabilidad, etc. Maria Seidemann ; traducción de Octavio di Leo.
250 ## - MENCION DE EDICION
Mención de edición 1ª ed.
260 ## - PUBLICACIÓN, DISTRIBUCIÓN, ETC.
Lugar de publicación, distribución, etc. Barcelona :
Nombre del editor, distribuidor, etc. Muchnik,
Fecha de publicación, distribución, etc. 2002.
300 ## - DESCRIPCIÓN FÍSICA
Extensión 159 p., [16] p. de lám ;
Dimensiones 23 cm.
490 1# - MENCIÓN DE SERIE
Mención de serie Personalia ;
Designación de volumen o secuencia 22
600 14 - PUNTO DE ACCESO ADICIONAL DE MATERIA--NOMBRE DE PERSONA
Nombre de persona Luxemburg, Rosa,
Fechas asociadas al nombre 1870-1919
9 (RLIN) 74894
600 14 - PUNTO DE ACCESO ADICIONAL DE MATERIA--NOMBRE DE PERSONA
Nombre de persona Jogiches, Leo.
9 (RLIN) 66710
700 1# - ENTRADA AGREGADA--NOMBRE PERSONAL
Nombre de persona Leo, Octavio di.
9 (RLIN) 71565
830 0# - PUNTO DE ACCESO ADICIONAL DE SERIE-TÍTULO UNIFORME
Título uniforme Personalia ;
Designación de volumen o secuencia 22
9 (RLIN) 179888
852 ## - LOCALIZACIÓN
Ubicación ES-MaACL
Número de control de estantería L-25833
Sublocalización o colección R.131528
Holdings
Estatus retirado Estado de pérdida Estado de daño No para préstamo Biblioteca de origen Biblioteca actual Ubicación en estantería Fecha de adquisición Fuente de adquisición Total de préstamos Signatura topográfica completa Código de barras Visto por última vez Precio de reemplazo Tipo de ítem Koha
        Biblioteca del Ateneo de Madrid Biblioteca del Ateneo de Madrid Depósito 2 17/01/2008     L-25833 1019834 23/02/2023 23/02/2023 Libro impreso